000 00540nam a2200193Ia 4500
005 20250508151317.0
008 008 250505s9999 xx 000 0 eng d
037 _aTextual
040 _aFEDL
_beng
_cFEDL
041 _aeng
_2eng
084 _a372.83, HUT
_qFEDL
100 _aHutchinson Margaret M
_9755890
245 0 _aIn a wood
260 _aLondon, UK
_bThe Educational Supply Association Ltd
_c1952
300 _a89p.
490 _aWhat can you find?
942 _cTEXL
_h372.83, HUT
999 _c1328995
_d1328995